01500nam a22001937a 4500008004100000020001800041050001600059100004000075245009300115260003900208300005700247490001800304500004100322504002900363505080300392650003301195650003801228700004001266130823s2011 mx a 001 0 spa d a9786075080239 4aQH540 bC361 aCamacho Anguiano, Iván e, autor 10aEcología y medio ambientec / Ivan Camacho Anguiano ; ilistraciones Andrés Ramírez aMéxicob : ST editorial c, 2011 a151 páginas b : ilustraciones a color c ; 28 cm.0 aBachillerato  aEn portada: Desarrolla Competencias  aBibliografía (p. 151)  aAplica los conocimientos básicos de ecología Reconoce los conceptos de ecología y educación ambiental y establece la diferencia entre ellos Conoce y describe los factores bióticos y abióticos del ambiente Identifica los principales problemas ecológicos para actuar con propuestas de solución Conoce el concepto de impacto ambiental Señala las causas y los efectos del deterioro ambiental Ubica las principales áreas protegidas por el país Conoce la legislación ambiental mexicana Conoce el concepto de desarrollo sustentable Elabora proyectos de educación ambiental en su entorno social Reconoce los impactos ambientales de su localidad Reconoce la contaminación atmosférica en aguas, en suelo, por ruido y visual Reconoce el concepto de energías limpias  4aECOLOGÍA xMEDIO AMBIENTE  4aMEDIO AMBIENTE xCONTAMINACIÓN 1 aRamírez, Andrés e, ilustrador